Score 0/30 Timer 01:00
0 Plays Today
% Correct
Duck
79.4%
Duck
77.5%
Duck
76.6%
Duck
74.1%
Duck
73.8%
Duck
73.8%
Duck
71.9%
Duck
64.4%
Dynasty
62.2%
Duck Dynasty
61%
Dynasty
57.9%
Duck Dynasty
57.9%
Dynasty
57.3%
Dynasty
55.4%
Duck Dynasty
55.1%
% Correct
Duck Dynasty
54.1%
Dynasty
54%
Duck Dynasty
51.3%
Duck Dynasty
51.2%
Dynasty
49.3%
Duck Dynasty
46.5%
Dynasty
46.3%
Duck Dynasty
44.8%
Duck
44.6%
Duck
44%
Duck Dynasty
42.3%
Duck Dynasty
40.1%
Dynasty
39.6%
Dynasty
37.1%
Dynasty
32.4%
Come Together.
Have Fun.
All Virtual.
We all need to come together. Play Sporcle's virtual live trivia to have fun, connect with people, and get your trivia on. Join a live hosted trivia game for your favorite pub trivia experience done virtually. If a virtual private party is more your thing, go here for details.

You're not logged in!

Compare scores with friends on all Sporcle quizzes.
OR
Log In

Sporcle TV

Today on Sporcle TV


Watch our educational content, quiz creation guides, and fun videos on Sporcle TV.

Show Comments

Extras

Created Feb 7, 2020ReportNominate
Tags:Show Quiz

Top Quizzes Today


Score Distribution

Paid Content

Your Account Isn't Verified!

In order to create a playlist on Sporcle, you need to verify the email address you used during registration. Go to your Sporcle Settings to finish the process.

Report this User

Report this user for behavior that violates our Community Guidelines.

Details: